| 000 | 00758nam a2200205 a 4500 | ||
|---|---|---|---|
| 001 | 000009305 | ||
| 005 | 20240412074210.0 | ||
| 008 | 090929s1943 dr r 000 p spa d | ||
| 040 |
_aDO-SdBNP _bspa _cBNPHU |
||
| 082 |
_aRD861.08 _bA634po |
||
| 245 | 0 | 0 |
_aAntología poética dominicana / _cselección y prólogo Pedro René y Aybar. |
| 260 |
_aCiudad Trujillo, República Dominicana : _bLibrería Dominicana, _c1943. |
||
| 300 |
_a310 p. ; _c21 cm. |
||
| 500 | _aIncluye referencias bibliográficas y notas al pie de las páginas | ||
| 590 | _aInventariado, 2019/BT | ||
| 650 | 0 |
_aPoesía dominicana _966 |
|
| 650 | 0 |
_aLiteratura dominicana. _967 |
|
| 700 | 1 |
_aRené y Aybar, Pedro, _epról. y selección _924035 |
|
| 910 | _aValidado. Control de calidad MFF | ||
| 999 |
_c9066 _d9066 |
||